MARC

LEADER 00000nam0a2200000 4500
001 375943
005 20231102012759.0
010 |a 9780194032766 
010 |a 978-0-19-403282-7 
035 |a (RuTPU)RU\TPU\retro\33382 
035 |a RU\TPU\book\170837 
035 |a RU\TPU\book\332351 
090 |a 375943 
100 |a 20151015d2022 m y0engy50 ba 
101 0 |a eng 
102 |a GB 
105 |a a j 000zy 
200 1 |a English File. Elementary  |e Teacher's Guide with Teacher's Resource Centre  |f C. Latham-Koenig, C. Oxenden, J. Lambert [and oth.] 
205 |a 4th ed. 
210 |a Oxford  |c Oxford University Press  |d 2022 
215 |a 275 p.  |c il. 
606 1 |a Английский язык  |x Учебные руководства и пособия  |x Учебные руководства и пособия для высшей школы  |2 stltpush  |3 (RuTPU)RU\TPU\subj\29071  |9 52483 
606 1 |a Английский язык  |x Учебные руководства и пособия  |x Методика преподавания  |2 stltpush  |3 (RuTPU)RU\TPU\subj\29080 
610 1 |a лексика 
610 1 |a грамматика 
610 1 |a разговорная речь 
610 1 |a упражнения 
610 1 |a методика 
610 1 |a преподавание 
610 1 |a учебные пособия 
686 |a Ш143.21-923  |v LBC/SL-A  |2 rubbk 
686 |a Ш143.21-91  |v LBC/SL-A  |2 rubbk 
701 1 |a Latham-Koenig  |b C.  |g Christina 
701 1 |a Oxenden  |b C.  |g Clive 
701 1 |a Lambert  |b J.  |g Jerry 
701 1 |a Seligson  |b P.  |g Paul 
701 1 |a Lowy  |b A.  |g Anna 
701 1 |a Mabbott  |b K.  |g Krysia 
801 1 |a RU  |b 63413507  |c 20221124 
801 2 |a RU  |b 63413507  |c 20230321  |g RCR 
942 |c BK 
959 |a 25/20221123  |d 2  |e 11657,00  |f ЧЗИЛ:1  |f ЯЦ_Медиатека:1